Districts of Zimbabwe with a Map - Statistics

General Stats
  • This quiz has been taken 28 times
  • The average score is 21 of 62
Answers on the Map
Answers color-coded by a green-red scale on the quiz's map according to % correct below.
 
Answer Stats
Answer % Correct
Bulawayo Bulawayo
80%
Harare Harare
80%
Mashonaland West Kariba
80%
Matabeleland South Matobo
60%
Matabeleland South Beitbridge
50%
Midlands Gweru
50%
Mashonaland West Hurungwe
50%
Masvingo Masvingo
50%
Manicaland Nyanga
50%
Matabeleland North Binga
40%
Manicaland Buhera
40%
Matabeleland South Bulilimamangwe
40%
Mashonaland West Chegutu
40%
Manicaland Chimanimani
40%
Manicaland Chipinge
40%
Masvingo Gutu
40%
Matabeleland South Gwanda
40%
Mashonaland West Kadoma
40%
Matabeleland North Lupane
40%
Mashonaland West Makonde
40%
Mashonaland Mount Darwin
40%
Manicaland Mutare
40%
Masvingo Mwenezi
40%
Mashonaland Rushinga
40%
Matabeleland North Tsholotsho
40%
Mashonaland East Uzumba-Maramba-Pfungwe
40%
Mashonaland East Wedza
40%
Mashonaland West Zvimba
40%
Midlands Zvishavane
40%
Matabeleland North Bubi
30%
Masvingo Chiredzi
30%
Harare Chitungwiza
30%
Harare Epworth
30%
Midlands Gokwe North
30%
Midlands Gokwe South
30%
Matabeleland North Hwange
30%
Matabeleland South Insiza
30%
Midlands Kwekwe
30%
Manicaland Makoni
30%
Mashonaland East Marondera
30%
Mashonaland Mazowe
30%
Midlands Mberengwa
30%
Manicaland Mutasa
30%
Matabeleland North Umguza
30%
Masvingo Zaka
30%
Masvingo Bikita
20%
Mashonaland Bindura
20%
Mashonaland East Chikomba
20%
Masvingo Chivi
20%
Mashonaland East Goromonzi
20%
Mashonaland Guruve
20%
Mashonaland East Mudzi
20%
Mashonaland East Murehwa
20%
Mashonaland East Mutoko
20%
Mashonaland Muzarabani
20%
Matabeleland North Nkayi
20%
Mashonaland East Seke
20%
Midlands Shurugwi
20%
Matabeleland South Umzingwane
20%
Midlands Chirumhanzu
10%
Mashonaland Mbire
10%
Mashonaland Shamva
10%
No matching quizzes found
Score Distribution
Percent of People with Each Score
Percentile by Number Answered
Your Score History
You have not taken this quiz